000 00427nam a2200133Ia 4500
008 100328s9999 xx 000 0 und d
082 _b54168
100 _aवीरकर न.गं.
245 _aउपहार गृहांचा ांदा
260 _bउदयम
630 _aउपहार गृहांचा ांदा
730 _aउपहार गृहांचा ांदा
942 _cBOOK
999 _c540891
_d540888